000 00475cam a2200193ua 4500
001 2388
008 191126n1978 II |||gr||||Z||||||asm
040 _aMAIN
041 _aEnglish
041 _aasm
082 _a370.15 BAR
100 _aBARUAH , JATIN.
245 _aSIKHYA MANUBIGYAN PRARAMBHIKA
250 _a2nd.
260 _aDIBRUGARH
_bDIBRUGARH UNIVERSITY COORDINATION COMMITTEE
_c1978
300 _a200:
_c21cm.
653 _aEducational Psychology
942 _cBK
999 _c2382
_d2382